[Event "Shumen Ivanov Memorial"]
[Site "Shumen"]
[Date "2022.07.31"]
[Round "9"]
[White "Mutafov, Krasimir"]
[Black "Drenchev, Petar"]
[Result "1-0"]
[WhiteElo "2136"]
[BlackElo "2366"]
[PlyCount "57"]
[EventDate "2022.07.30"]
[EventType "swiss (rapid)"]
[EventRounds "9"]
[EventCountry "BUL"]
[SourceTitle "CBM 209 Extra"]
[Source "ChessBase"]
[SourceDate "2022.09.30"]
[SourceVersion "1"]
[SourceVersionDate "2022.09.30"]
[SourceQuality "1"]

1. e4 c5 2. c3 Nf6 3. e5 Nd5 4. d4 cxd4 5. Nf3 e6 6. cxd4 d6 7. exd6 Bxd6 8. Nc3 Nxc3 9. bxc3 Qc7 10. Bd2 Nd7 11. Be2 0-0 12. 0-0 b6 13. a4 Bb7 14. h3 Rfd8 15. Qb3 h6 16. Rfb1 Be4 17. Rc1 e5 18. Be3 Qb7 19. a5 exd4 20. cxd4 Nf6 21. a6 Qe7 22. Nd2 Bd5 23. Bc4 Bb4 24. Rc2 Bxd2 25. Bxd2 Qe4 26. Bxd5 Nxd5 27. Rc4 Rac8 28. Re1 Qf5 29. Re5 1-0

[Event "Ruse Cup 1st"]
[Site "Ruse"]
[Date "2017.04.29"]
[Round "1"]
[White "Mutafov, Krasimir"]
[Black "Georgiev, Nikolay"]
[Result "1-0"]
[WhiteElo "2172"]
[BlackElo "1574"]
[PlyCount "85"]
[EventDate "2017.04.29"]
[EventType "swiss"]
[EventRounds "7"]
[EventCountry "BUL"]
[SourceTitle "CBM 178 Extra"]
[Source "ChessBase"]
[SourceDate "2017.06.22"]
[SourceVersion "1"]
[SourceVersionDate "2017.06.22"]
[SourceQuality "1"]

1. e4 e5 2. Nf3 Nc6 3. Nc3 Nf6 4. d4 Bb4 5. Nxe5 Qe7 6. Nxc6 Qxe4+ 7. Be2 Qxc6 8. Bd2 0-0 9. 0-0 d5 10. Bd3 Bg4 11. f3 Bh5 12. Ne2 Bxd2 13. Qxd2 Bg6 14. Nf4 Rfe8 15. Nxg6 hxg6 16. Qa5 Qd6 17. Rae1 a6 18. Qc3 Nh5 19. Rf2 Nf4 20. Bf1 Qd7 21. Re3 g5 22. g3 Rxe3 23. Qxe3 Re8 24. Qd2 Nh3+ 25. Bxh3 Qxh3 26. Re2 Rxe2 27. Qxe2 Qe6 28. Qxe6 fxe6 29. Kg2 Kf7 30. Kh3 Kf6 31. Kg4 Kg6 32. f4 gxf4 33. Kxf4 Kf6 34. h4 b6 35. h5 c5 36. c3 c4 37. g4 b5 38. g5+ Kf7 39. Ke5 Ke7 40. h6 gxh6 41. gxh6 Kf7 42. h7 Kg7 43. Kxe6 1-0

[Event "Internet Section 07A g/8'+2\""]
[Site "Dos Hermanas"]
[Date "2004.03.07"]
[Round "7"]
[White "Mutafov, Krasimir"]
[Black "Sergeev, Veniamin"]
[Result "0-1"]
[WhiteElo "2173"]
[BlackElo "2417"]
[PlyCount "106"]
[EventDate "2004.03.07"]
[EventType "swiss (blitz)"]
[EventRounds "9"]
[EventCountry "ESP"]
[SourceTitle "CBM 099 Extra"]
[Source "ChessBase"]
[SourceDate "2004.05.04"]
[SourceVersion "1"]
[SourceVersionDate "2004.05.04"]
[SourceQuality "1"]

1. e4 c5 2. c3 d5 3. exd5 Qxd5 4. d4 Nf6 5. Nf3 Bg4 6. Be2 e6 7. h3 Bh5 8. 0-0 Nc6 9. Na3 Qd8 10. Nc2 Be7 11. Bg5 cxd4 12. Ncxd4 0-0 13. Nxc6 bxc6 14. Ne5 Bxe2 15. Qxe2 Qc7 16. Rfd1 Rfd8 17. c4 c5 18. Bh4 a6 19. Bg3 Qb7 20. b3 h6 21. Qf3 Qxf3 22. Nxf3 Ne4 23. Bc7 Rdc8 24. Ba5 Ra7 25. Rd3 f5 26. Rad1 Bf6 27. Nd2 Ng5 28. Rd6 Be7 29. Rd3 e5 30. Rd5 Bf6 31. Bb6 Rb7 32. Bxc5 Ne6 33. Ba3 Nf4 34. Ra5 Rd7 35. Bb4 Rcd8 36. Kh2 Nd3 37. Bc3 Nxf2 38. Re1 Rxd2 39. Bxe5 Bh4 40. Bg3 Bxg3+ 41. Kxg3 Ne4+ 42. Kh2 Rf2 43. c5 Rdd2 44. Rg1 Ng5 45. Kg3 f4+ 46. Kg4 Rd3 47. Kf5 Rd5+ 48. Kg4 Ne4 49. h4 Nf6+ 50. Kh3 Rd3+ 51. Kh2 Ng4+ 52. Kh1 Rh3+ 53. gxh3 Rh2# 0-1

[Event "Internet Section 06A g/8'+2\""]
[Site "Dos Hermanas"]
[Date "2004.03.06"]
[Round "6"]
[White "Mutafov, Krasimir"]
[Black "Pique Terron, Ruben"]
[Result "1-0"]
[WhiteElo "2173"]
[BlackElo "1618"]
[PlyCount "75"]
[EventDate "2004.03.06"]
[EventType "swiss (blitz)"]
[EventRounds "9"]
[EventCountry "ESP"]
[SourceTitle "CBM 099 Extra"]
[Source "ChessBase"]
[SourceDate "2004.05.04"]
[SourceVersion "1"]
[SourceVersionDate "2004.05.04"]
[SourceQuality "1"]

1. e4 e5 2. Nf3 Nc6 3. Nc3 Be7 4. Bc4 Nf6 5. d4 exd4 6. Nxd4 Ne5 7. Be2 d6 8. f3 a6 9. Be3 0-0 10. Qd2 b5 11. g4 c5 12. Nf5 Re8 13. 0-0-0 Bf8 14. Bg5 b4 15. Nd5 Qa5 16. a3 Bxf5 17. Nxf6+ gxf6 18. gxf5 fxg5 19. Qxg5+ Bg7 20. Rhg1 Ng6 21. fxg6 fxg6 22. Bc4+ Kh8 23. Qd2 Bd4 24. Rg5 Rf8 25. Qxd4+ cxd4 26. Rxa5 Rxf3 27. axb4 Rf2 28. h3 Rh2 29. Rxa6 Rc8 30. Bb3 Rd8 31. Rxd4 Rxh3 32. Raxd6 Re8 33. Rd8 Rxd8 34. Rxd8+ Kg7 35. b5 Re3 36. Bd5 h5 37. b6 h4 38. b7 1-0

[Event "Internet Section 06B g/8'+2\""]
[Site "Dos Hermanas"]
[Date "2004.03.06"]
[Round "7"]
[White "SGH, Pigsy"]
[Black "Mutafov, Krasimir"]
[Result "1-0"]
[WhiteElo "2539"]
[BlackElo "2173"]
[PlyCount "113"]
[EventDate "2004.03.06"]
[EventType "swiss (blitz)"]
[EventRounds "9"]
[EventCountry "ESP"]
[SourceTitle "CBM 099 Extra"]
[Source "ChessBase"]
[SourceDate "2004.05.04"]
[SourceVersion "1"]
[SourceVersionDate "2004.05.04"]
[SourceQuality "1"]

1. c4 g6 2. Nc3 Bg7 3. g3 e5 4. Bg2 Nc6 5. Rb1 d6 6. d3 Nf6 7. b4 0-0 8. b5 Ne7 9. Nf3 h6 10. 0-0 Be6 11. a4 Qd7 12. Ba3 Bh3 13. e4 Bg4 14. Nd5 Nh7 15. Nxe5 Nxd5 16. Nxd7 Bxd1 17. Nxf8 Nc3 18. Rbxd1 Nxd1 19. Nxg6 Nc3 20. Ne7+ Kf8 21. Nd5 Ne2+ 22. Kh1 Rc8 23. Bh3 Rd8 24. Nxc7 Ng5 25. Bg2 Ne6 26. Nxe6+ fxe6 27. f4 Bd4 28. Bf3 Nc3 29. a5 Kf7 30. Bb4 Na4 31. Bh5+ Kf6 32. Bd2 Nb2 33. Rf3 d5 34. cxd5 exd5 35. e5+ Kg7 36. Be3 Bc3 37. Bxa7 Bxa5 38. Bd4 Nd1 39. e6+ Kf8 40. f5 Bc3 41. Bc5+ Kg8 42. e7 Ra8 43. e8Q+ Rxe8 44. Bxe8 Bf6 45. Bd7 Nc3 46. Be6+ Kg7 47. b6 d4 48. Bd7 Nb1 49. Bc8 Nd2 50. Rf4 Nb3 51. Bb4 Nc1 52. Rf3 Ne2 53. Bxb7 Bg5 54. Be4 Kf6 55. b7 Nc3 56. b8Q Be3 57. Qf8+ 1-0